000 00655nam a22001337a 4500
008 110627t xxu||||| |||| 00| 0 eng d
010 _aHCMAF104
245 _aHigh Court Misc. Application Case No. 0013 OF 2002 Charles Harry Twagira Vs Attorney General and 2 others
260 _c2002
500 _aBEFORE: HON. MR. JUSTICE J.B.A. KATUTSI
999 _c4152
_d4152